| 000 | 00000nas 2200000za 4500 |
| 001 | 9.500303 |
| 003 | CaOODSP |
| 005 | 20221107132829 |
| 007 | cr ||||||||||| |
| 008 | 150406d20012007oncar p oss f0 a0eng|d |
| 022 | |y1492-4056|y1912-9998 |
| 040 | |aCaOODSP|beng |
| 041 | |aeng|afre |
| 043 | |an-cn--- |
| 086 | 1 |aCS13-213-PDF |
| 245 | 00|aProvincial economic accounts. |pEstimates, tables and analytical document |h[electronic resource] = |bComptes économiques provinciaux. Estimations ..., tableaux et document analytique. |
| 246 | 11|aComptes économiques provinciaux. |pEstimations ..., tableaux et document analytique |
| 260 | |aOttawa : |bStatistics Canada = Statistique Canada, |c2002-2008. |
| 310 | |aAnnual |
| 362 | 0 |a2001-2008. |
| 520 | 3 |aProvides a regional perspective on Canadian economic developments. The focus is on each region's Gross Domestic Product, final domestic demand, personal disposable income and government sector accounts. |
| 546 | |aText in English and in French. |
| 692 | 07|2gccst|aEconomic conditions |
| 710 | 2 |aStatistics Canada. |
| 780 | 00|tProvincial economic accounts. |w(CaOODSP)9.843139 |
| 792 | |tProvincial economic accounts. |efre|w(CaOODSP)9.500304 |